000 00770nam a2200241Ia 4500
005 20250425162155.0
008 250425s9999 xx 000 0 und d
020 _a9978407693
041 _aspa
082 _a398.2
_pESP
100 _aEspinosa Apolo, Manuel
245 0 _aDuendes, aparecidos, moradas encantadas y otras maravillas : diccionario mitológico popular de la comunidad mestiza ecuatoriana
_cManuel Espinosa Apolo
250 _aPrimera edición
260 _aQuito
_bEstudios Andinos
_c1999
300 _a192 páginas
_bilustraciones
_c19.30 cm.
504 _aIncluye referencia bibliográfica
650 _aCultura
650 _aMitos y leyendas - Ecuador
650 _aSeres imaginarios
902 _cImpreso
942 _c01
010 _a54322
999 _c223838
_d223838